Labyrinth (Record no. 247659)
[ view plain ]
| 000 -LEADER | |
|---|---|
| fixed length control field | 01803nam a2200313M 4500 |
| 001 - CONTROL NUMBER | |
| control field | on1107595233 |
| 003 - CONTROL NUMBER IDENTIFIER | |
| control field | OCoLC |
| 005 - DATE AND TIME OF LATEST TRANSACTION | |
| control field | 20190814125410.0 |
| 008 - FIXED-LENGTH DATA ELEMENTS--GENERAL INFORMATION | |
| fixed length control field | 190511s2019 xx ed 000 1 eng d |
| 020 ## - INTERNATIONAL STANDARD BOOK NUMBER | |
| International Standard Book Number | 9781432867126 |
| 020 ## - INTERNATIONAL STANDARD BOOK NUMBER | |
| International Standard Book Number | 1432867121 |
| 035 ## - SYSTEM CONTROL NUMBER | |
| System control number | (OCoLC)1107595233 |
| 040 ## - CATALOGING SOURCE | |
| Original cataloging agency | ETC |
| Language of cataloging | eng |
| Transcribing agency | ETC |
| Description conventions | rda |
| 049 ## - LOCAL HOLDINGS (OCLC) | |
| Holding library | UOKA |
| 092 ## - LOCALLY ASSIGNED DEWEY CALL NUMBER (OCLC) | |
| Classification number | large print |
| 999 ## - SYSTEM CONTROL NUMBERS (KOHA) | |
| Koha Dewey Subclass [OBSOLETE] | 03474485 |
| 100 1# - MAIN ENTRY--PERSONAL NAME | |
| Personal name | Coulter, Catherine |
| Relator code | aut |
| 9 (RLIN) | 15458 |
| 245 10 - TITLE STATEMENT | |
| Title | Labyrinth |
| Medium | [large print] / |
| Statement of responsibility, etc | Catherine Coulter. |
| 250 ## - EDITION STATEMENT | |
| Edition statement | Large print edition. |
| 264 #1 - Production, Publication, Distribution, Manufacture, and Copyright Notice. | |
| Name of producer, publisher, distributor, manufacturer | Thorndike Press, |
| Date of production, publication, distribution, manufacture, or copyr | 2019. |
| Place of production, publication, distribution, manufacture | usa |
| 336 ## - Content Type | |
| Content type term | book |
| 337 ## - Media type | |
| Media type term | book |
| 338 ## - Carrier type | |
| Carrier type term | book |
| 490 1# - SERIES STATEMENT | |
| Series statement | FBI thriller ; |
| Volume number/sequential designation | bk. 23 |
| 520 ## - SUMMARY, ETC. | |
| Summary, etc | On a dark night, Agent Sherlock is driving along circuitous mountain roads in West Virginia when her car is suddenly T-boned at an intersection. As her car spins out of control, a man's body slams against her windshield and then-blackness. When she finally comes to, Sherlock has no memory of the accident, nor of the moments that led right up to it. But what she does know is that the man she hit is a local CIA analyst...and now he's missing. Meanwhile, in the small town of Gaffer's Ridge, Virginia, Special Agent Griffin Hammersmith has just rescued a kidnapped woman who claims her captor admitted to the murder of three teenage girls. However, the man she accuses is related to the local sheriff and a member of a very powerful family. Special Agent Hammersmith reaches out to Sherlock for help, and they soon realize that the disappearance of the CIA analyst is actually connected to the string of murders. But how? |
| 650 #0 - SUBJECT ADDED ENTRY--TOPICAL TERM | |
| Topical term or geographic name as entry element | Large type books |
| 9 (RLIN) | 86775 |
| 800 1# - SERIES ADDED ENTRY--PERSONAL NAME | |
| Personal name | Coulter, Catherine. |
| Title of a work | FBI thriller ; |
| Volume/sequential designation | bk. 23. |
| 9 (RLIN) | 5795087 |
| 942 ## - ADDED ENTRY ELEMENTS (KOHA) | |
| Source of classification or shelving scheme | Dewey Decimal Classification |
| Koha item type | BOOK |
| Withdrawn status | Lost status | Source of classification or shelving scheme | Damaged status | Not for loan | Collection code | Home library | Current library | Shelving location | Date acquired | Source of acquisition | Cost, normal purchase price | Total Checkouts | Total Renewals | Full call number | Barcode | Date last seen | Date checked out | Cost, replacement price | Price effective from | Koha item type |
|---|---|---|---|---|---|---|---|---|---|---|---|---|---|---|---|---|---|---|---|---|
| Dewey Decimal Classification | Large Print | Wasatch County Library | Wasatch County Library | First Floor | 08/26/2019 | Gale | 25.00 | 9 | 3 | F Coulter | 34301001644600 | 03/11/2026 | 01/27/2026 | 25.00 | 03/20/2020 | BOOK |
